000 00592nam a2200181Ia 4500
008 151213s9999 xx 000 0 und d
020 _a978-81-3171683-0
082 _a658.8
_b658.8
100 _aPhilip kotler,kevin lane keller, abraham koshy mithileshwar jha
245 _aMarketing Management
_cPhilip kotler,kevin lane keller, abraham koshy mithileshwar jha
250 _a13th
260 _aNew Delhi
_bPearson
_c2009
300 _a10856 p.
650 _aMarketing
650 _aMarketing
700 _aPhilip kotler,kevin lane keller, abraham koshy mithileshwar jha
999 _c4912
_d4912